| 000 | 00591cam a2200217ua 4500 | ||
|---|---|---|---|
| 001 | 10470 | ||
| 008 | 190227n ii |||gr||||Z||||||asm | ||
| 020 | _a9788186385289 | ||
| 040 | _cMAIN | ||
| 041 | _aasm | ||
| 082 | _a954.162 | ||
| 100 |
_aRanjit Sabhapandit, _eAuthor. |
||
| 245 |
_aSaiyad Saddullar pora Gopinath Bordoloi loi (1937-50) _bAsomor rajnaitik itihas |
||
| 250 | _a1st ed. | ||
| 260 |
_aGuwahati: _bAssam publishing company, _c2014. |
||
| 300 | _a232p. | ||
| 653 | _aSouth Asia India | ||
| 653 | _aHistory of Assam | ||
| 653 | _aPolitical history of Assam | ||
| 942 | _cBK | ||
| 999 |
_c9456 _d9456 |
||